000 00638nas a2200229 4500
001 BR8102730
003 BR-BrBNA
005 20231205084726.0
007 ta
008 230509b bl.|||p| |||| 00| 00por d
040 _aBR-BrBNA
_bpor
_cBiblioteca Nacional de Agricultura
041 _a(Pt)
072 _aL73
100 1 _aAnon.
245 1 _aComo detectar a mastite [Mamite; Gado leiteiro]
650 _aDoenca animal
650 _aGado leiteiro
650 _aMamite
773 0 _tGranja (Brazil)
_xISSN 0367-505X
_g(Jan 1981), v. 37(396) p. 16-17
_wBR8102730
909 _a202311
_bLúcia
_c55
_dLúcia Elande
942 _2AGRIS
_n0
_cANA
999 _c106896
_d106896